00209nam a2200085Ia 4500008004100000082001600041100001800057245004000075300000800115210430s9999 xx 000 0 und d a355.09 F96Z aJ.F.C. Fuller aArmament and HistroycJ.F.C. Fuller a225